Thực trạng sử dụng Internet của sinh viện trường Đại học Cần Thơ : Khảo sát từ hệ thống máy tính công của trường: Báo cáo tổng kết đề tài khoa học và công nghệ cấp Trường

Đặc điểm sử dụng internet của sinh viên trường Đại học Cần Thơ. Mối tương quan giữa thời lượng sử dụng iternet và kêt quả học tập. Những tác động tích cực và tiêu cực của internet, khó khăn và thuận lợi của sinh viên sử dụng internet. Tư...

Volledige beschrijving

Bewaard in:
Bibliografische gegevens
Hoofdauteur: Lê, Ngọc Linh
Formaat: Boek
Taal:Undetermined
Gepubliceerd in: Cần Thơ Trường Đại học Cần Thơ 2015
Onderwerpen:
Tags: Voeg label toe
Geen labels, Wees de eerste die dit record labelt!
Thư viện lưu trữ: Trung tâm Học liệu Trường Đại học Cần Thơ
LEADER 01514nam a2200241Ia 4500
001 CTU_210443
008 210402s9999 xx 000 0 und d
082 |a 302.30285 
082 |b L312 
088 |a T2014-55 
100 |a Lê, Ngọc Linh 
245 0 |a Thực trạng sử dụng Internet của sinh viện trường Đại học Cần Thơ : 
245 0 |b Khảo sát từ hệ thống máy tính công của trường: Báo cáo tổng kết đề tài khoa học và công nghệ cấp Trường 
245 0 |c Lê Ngọc Linh (chủ nhiệm đề tài) 
260 |a Cần Thơ 
260 |b Trường Đại học Cần Thơ 
260 |c 2015 
520 |a Đặc điểm sử dụng internet của sinh viên trường Đại học Cần Thơ. Mối tương quan giữa thời lượng sử dụng iternet và kêt quả học tập. Những tác động tích cực và tiêu cực của internet, khó khăn và thuận lợi của sinh viên sử dụng internet. Từ đó đưa ra đề xuất và giả pháp tăng cường hiệu quả sử dụng internet tại hệ thống máy tính công. 
650 |a Internet,Internet and youth,Internet,Internet và giới trẻ 
650 |x Access control,Kiểm soát truy cập 
904 |i Nguyễn Văn Môi,Qhieu 
915 |a XH 
980 |a Trung tâm Học liệu Trường Đại học Cần Thơ